000
00314nam a2200145Ia 4500
100
_a
Bhave./ Patekar
942
_c
BK
654
_a
Programming
245
_a
Computer Programming 1 in Unix and C
260
_b
Nandu Pub
_c
2002
082
_a
5.133
_b
BHA/PAT
300
_a
346
546
_a
ENGLISH
999
_c
22163
_d
22163